书目信息 |
| 题名: |
政治经济学研究报告
|
|
| 作者: | 王振中 主编 ;中国社会科学院经济研究所 编 | |
| 分册: | 2 | |
| 出版信息: | 北京 社会科学文献出版社 2001.04 |
|
| 页数: | 426页 | |
| 开本: | 21cm | |
| 丛书名: | ||
| 单 册: | ||
| 中图分类: | F0-53 | |
| 科图分类: | ||
| 主题词: | 政治经济学--文集 | |
| 电子资源: | ||
| ISBN: | 7-80149-503-9 | |
| 000 | 00829nam0 2200217 45 | |
| 001 | 0301161512 | |
| 005 | 20041202085351.9 | |
| 010 | @a7-80149-503-9@dCNY29.80 | |
| 100 | @a20030116d2001 km y0chiy0120 ea | |
| 101 | 0 | @achi |
| 105 | @a z 000yy | |
| 200 | 1 | @a政治经济学研究报告@AZheng Zhi Jing Ji Xue Yan Jiu Bao Gao@e经济全球化的政治经济学分析@EJing Ji Quan Qiu Hua De Zheng Zhi Jing Ji Xue Fen Xi@h2@f王振中主编@FWang Zhen Zhong Zhu Bian@g中国社会科学院经济研究所编 |
| 210 | @a北京@c社会科学文献出版社@d2001.04 | |
| 215 | @a426页@d21cm | |
| 517 | @a经济全球化的政治经济学分析 | |
| 606 | 0 | @a政治经济学@x文集 |
| 690 | @aF0-53@v4 | |
| 701 | @a王振中@4主编 | |
| 712 | 02 | @a中国社会科学院经济研究所@AZhong Guo She Hui Ke Xue Yuan Jing Ji Yan Jiu Suo@4编 |
| 801 | @aCN@bTSTC@c20030116 | |
| 905 | @b319519-521@dF0-53@e166:2@f3 | |
| 政治经济学研究报告:经济全球化的政治经济学分析.2/王振中主编/中国社会科学院经济研究所编.-北京:社会科学文献出版社,2001.04 |
| 426页;21cm |
| ISBN 7-80149-503-9:CNY29.80 |
| ● |
| 相关链接 |
|
|
|
|
正题名:政治经济学研究报告
索取号:F0-53/166:2
 
预约/预借
| 序号 | 登录号 | 条形码 | 馆藏地/架位号 | 状态 | 备注 |
| 1 | 0319519 | 203195194 | 密集书库/ [索取号:F0-53/166:2] | 在馆 | |
| 2 | 0319520 | 203195201 | 密集书库/ [索取号:F0-53/166:2] | 在馆 | |
| 3 | 0319521 | 203195210 | 第一样本阅览室/ [索取号:F0-53/166:2] | 在馆 | |
| 4 | 0332351 | 203323518 | 第一借阅区/ [索取号:F0-53/166:2] | 在馆 | |
| 5 | 0332352 | 203323527 | 第一借阅区/ [索取号:F0-53/166:2] | 在馆 | |
| 6 | 0332353 | 203323536 | 第一借阅区/ [索取号:F0-53/166:2] | 在馆 |